| 000 | 00631nam a22001817a 4500 | ||
|---|---|---|---|
| 005 | 20231020115812.0 | ||
| 010 | _aENG-138287 | ||
| 020 |
_c299.00 _a97893937334389 |
||
| 035 | _aEN-121819 | ||
| 037 | _bDBAD/PUB | ||
| 082 | _a230 | ||
| 100 |
_aMookerjee, Ananda _957966 |
||
| 245 |
_aDismantling Global Hinduism &Anti-India Activities;Time to Respond and Introspect/ _c Ananda Mookerjee and Dulal bhattacharya |
||
| 260 |
_aKolkata _bExceller Books _c2023 |
||
| 270 |
_bKolkata _aG1 Dream Apartment ,Degree College Road,Belgharia, _e700056 |
||
| 300 |
_a102p. _c21cm(pbk) |
||
| 942 |
_2ddc _cEN _h230 _mMOO |
||
| 999 |
_c198824 _d198824 |
||